000 00649nam a2200253Ia 4500
003 OSt
005 20221006144154.0
006 a|||||r|||| 00| 0
007 ta
008 221006b |||||||| |||| 00| 0 eng d
024 _a11,051
037 _cTextual
040 _aEASL
_cEASL
_beng
041 _2eng
_aeng
082 _aR8410bB9:16, K5
100 _aNEEDHAM Joseph
245 0 _aTime and eastern man
260 _aGlasgow
_bRowal Anthropological Institute
_c1965
300 _a52p.
_ccm.
490 _v Gen
650 _aGen
942 _hR8410bB9:16, K5
_cTEXL
_2CC
999 _c1079137
_d1079137